000 00640nam a2200265Ia 4500
005 20260306164325.0
008 008 260114s9999 xx 000 0 eng d
020 _a9780231540766
037 _aEBOOK
040 _aCRL
040 _beng
040 _cCRL
041 _2eng
041 _aeng
084 _qCRL
100 _aPistor, De Schutter
_91130444
245 0 _aGoverning Access To Essential Resources
260 _bColumbia University Press
260 _c2016
650 _aEconomics & Finance
856 _uhttps://academic.oup.com/book/29917
942 _cEBOOK
999 _c1713648
_d1713648